000 01716cam a22004574i 4500
003 PE-LiUPU
005 20250731172943.0
008 150623s1996 xxk r 000 0 eng d
020 _a0521589525
035 _a(Sirsi) i9780521589529
040 _aPE-LiUPU
_bspa
_cPE-LiUPU
_erda
049 _aPRUA
082 0 4 _a230.140 92
_bR66
_221
100 1 _aRist, John M.,
_eautor.
245 1 0 _aAugustine :
_bancient thought baptized /
_cJohn M. Rist.
264 1 _aCambridge :
_bUniversity Press,
_c1996.
300 _a334 páginas ;
_c23 centímetros
336 _atext
_2rdacontent
337 _aunmediated
_2rdamedia
338 _avolume
_2rdacarrier
505 0 _aApproaching Augustine -- Words, signs and things -- Certainty, belief and personal identity -- Will, love and right action -- Individuals, social institutions and political life -- Evil, justice and divine omnipotence -- Augustinus redivirus -- Appendix.
526 _aSEG42
526 _aSEG41
526 _aSEG40
526 _aSEG39
526 _aP94
526 _aP87
526 _aP86
526 _aP85
526 _aP77
526 _aP76
526 _aP35
650 1 4 _aTeología Doctrinal
_xHistoria
_yIglesia primitiva, ca. 30-600.
650 2 4 _aFilosofía antigua.
_9510
942 _2ddc
_cBOOK
949 _a230.140 92 R66
_wDEWEY
_c1
_i44663
_lCCODEBUL1
_mBUL
_r0
_sY
_tBOOK
_u2015-6-24
_xTEOLOGIA
_PP35
_0COMPRA
_o.STAFF. Colección General
994 _aC0
_bPEPRU
596 _a1
999 _a230.140 92 R66
_wDEWEY
_c21524
_i44663
_d21524
_f2021-11-9
_g6
_lCCODEBUL1
_mBUL
_p47.88
_q1
_r0
_sY
_tBOOK
_u2015-6-24
_xTEOLOGIA
_PP35
_0COMPRA
_o.STAFF. Colección Teología
980 _81
_gALBERTO SANCHEZ Responsable de Automatización